| 000 | 00740nam a2200205Ia 4500 | ||
|---|---|---|---|
| 005 | 20240530104407.0 | ||
| 008 | 140319s1970 xx 000 0 ara d | ||
| 040 |
_aGCL / _cGCL |
||
| 082 | 0 | 4 |
_a412 / _bم ع |
| 100 | 0 | _aمحمود فهمى حجازى | |
| 245 | 1 | 0 |
_aعلم اللغة بين التراث والمناهج الحديثة / _cمحمود فهمى حجازى |
| 260 |
_aالقاهرة : _bدار غريب للطباعة والنشر والتوزيع، _c1995 |
||
| 300 |
_a111 ص، _b24 سم |
||
| 650 | 0 | 4 | _aاللغة العربية |
| 650 | 0 | 4 | _aاللغة العربية - علم |
| 650 | 0 | 4 | _aعلم اللغة |
| 650 | 0 | 4 | _aبناء الكلمة |
| 942 |
_2ddc _cBK |
||
| 999 |
_c47208 _d47208 |
||